| 000 | 00745nac a22002171u 4500 | ||
|---|---|---|---|
| 020 | _a812650224x | ||
| 020 | _a0764546414 (pbk.) | ||
| 082 |
_a005.4469 _bP4979 |
||
| 090 |
_c569 _d569 |
||
| 100 | _aPetrovsky, Michele, | ||
| 245 |
_aLinux database bible / _cMichele Petrovsky, Stephen Wysham, and Mojo Nichols. |
||
| 260 |
_aNew Delhi : _bHungry Minds ; _cc2001. |
||
| 300 |
_axxi, 715 p. : _bill. ; _c24 cm. |
||
| 500 | _aIncludes index. | ||
| 650 | _aLinux. | ||
| 650 | _aOperating systems (Computers) | ||
| 700 | _aWysham, Stephen. | ||
| 700 | _aNichols, Mojo. | ||
| 942 |
_cBB _k005.4469P4979 |
||
| 999 |
_c569 _d569 |
||